| 000 | 01478nam a2200385 i 4500 | ||
|---|---|---|---|
| 001 | 196824 | ||
| 003 | ES-MaACL | ||
| 005 | 20250825062748.0 | ||
| 008 | 241219m20239999sp a | |||| 000 0bspa | ||
| 015 | _aMON23 | ||
| 017 |
_aSE 565-2023 _bOficina Depósito Legal Sevilla |
||
| 020 | _a9788418239892 | ||
| 035 | _a(SpMaBN)a7337216 | ||
| 040 |
_aSpMaBN _bspa _cSpMaBN _erda |
||
| 080 | _a929 Morente, Enrique | ||
| 100 | 1 |
_aOrtiz Nuevo, José Luis, _d1948- _9239394 _eaut |
|
| 245 | 1 | 0 |
_aLibro de Morente : _bEl impulso del riego 1969-1976 / _cJosé Luis Ortiz Nuevo ; prólogo de José Javier León ; epílogo de Antonio Molina Flores |
| 250 | _aPrimera edición: abril 2023 | ||
| 264 | 1 |
_aSevilla : _bAthenaica Ediciones, _c[2023-]. |
|
| 264 | 4 | _c©2023 | |
| 300 |
_a357 páginas : _bfotografías (blanco y negro) ; _c24 cm |
||
| 336 |
_aTexto _2rdacontent |
||
| 337 |
_asin mediación _2rdamedia |
||
| 338 |
_avolumen _2rdacarrier |
||
| 490 | 1 | _aFlamenco y cultura popular | |
| 600 | 1 | 0 |
_aMorente, Enrique, _d1942-2010 _2embne _9239395 |
| 655 | 0 |
_aBiografías _9176647 |
|
| 700 | 1 |
_aLeón, José Javier _9239396 _eaui |
|
| 700 | 1 |
_aMolina Flores, Antonio _9239397 _eaft |
|
| 852 |
_aES-MaACL _cDEPOJ _jN-10211 _xEncuadernación rústica con solapas _9206338 |
||
| 942 |
_cMONOGRAFIA _n0 |
||
| 999 |
_c196824 _d196824 |
||